| Tag |
First Indicator |
Second Indicator |
Subfields |
| LEADER |
00000cam a2200000 4500 |
| 001 |
in00000059550 |
| 005 |
20151007082520.0 |
| 008 |
720517s1959 eng u |
| 010 |
|
|
|a 59002232
|
| 035 |
|
|
|a (OCoLC)00310686
|
| 035 |
|
|
|9 AAF7994AM
|
| 040 |
|
|
|c AKR
|d TXA
|d UtOrBLW
|
| 049 |
|
|
|a TXAM
|c [332742]
|
| 050 |
|
0 |
|a DS63.2.R9
|b S65 1959
|
| 092 |
|
|
|a 327.47
|b S741s
|
| 100 |
1 |
|
|a Spector, Ivar,
|d 1898-
|
| 245 |
1 |
4 |
|a The Soviet Union and the Muslim world :
|b 1917-1958.
|
| 264 |
|
2 |
|a Seattle :
|b Distributed by University of Washington Press,
|c 1959.
|
| 300 |
|
|
|a xii, 328 pages :
|b illustrations, portraits, maps. ;
|c 24 cm.
|
| 336 |
|
|
|a text
|b txt
|2 rdacontent
|
| 337 |
|
|
|a unmediated
|b n
|2 rdamedia
|
| 338 |
|
|
|a volume
|b nc
|2 rdacarrier
|
| 504 |
|
|
|a Bibliographical references included in "Notes" (pages 302-315) Bibliography: pages 316-321.
|
| 651 |
|
0 |
|a Islamic countries
|x Politics and government.
|
| 651 |
|
0 |
|a Soviet Union
|x Foreign relations
|z Islamic countries.
|
| 999 |
|
|
|a MARS
|
| 999 |
f |
f |
|s 023146fc-964f-3f5b-a8f1-39e35f046732
|i ea13bf76-3ed4-33b4-b5f7-ca4817e0d168
|t 0
|
| 952 |
f |
f |
|p ric
|a Texas A&M University
|b Rellis Campus
|c Joint Library Facility
|d Remote Storage
|t 0
|e DS63.2.R9 S65 1959
|h Library of Congress classification
|i unmediated -- volume
|m A14800675933
|
| 998 |
f |
f |
|a DS63.2.R9 S65 1959
|t 0
|l Remote Storage
|